000 00594nam a2200229Ia 4500
003 OSt
005 20221007072923.0
006 a|||||r|||| 00| 0
007 ta
008 221006b |||||||| |||| 00| 0 eng d
024 _a18,194
037 _cTextual
040 _aFLL
_cFLL
_beng
041 _2eng
_aeng
082 _aYZ, M1
100 _aDay Peter R. Au.
_9691637
245 0 _aSocial work and social control
260 _aLondon
_bTavistock Pub. England
_c1981
300 _a243p
_ccm.
942 _hYZ, M1
_cTEXL
_2CC
999 _c1147290
_d1147290